000 00291cam a22000977a 4500
008 180718b1995 xxu||||| |||| 00| 0 eng d
100 _aBrahmverchasva
245 _aYagay: ek samagra upchar prakriya
_cedited by Brahmverchasva
260 _aMathura
_bAkhand Jyoti Sansthan
_c1995
650 _aYagay
999 _c439024
_d439024